| 000 | 01856nam a2200217Ia 4500 | ||
|---|---|---|---|
| 999 |
_c34627 _d34627 |
||
| 003 | OSt | ||
| 005 | 20210625164647.0 | ||
| 008 | 160316s2010 xxu||||| |||| 00| 0 eng d | ||
| 020 | _a9781412903530 | ||
| 040 | _cn | ||
| 082 |
_a343.071000 _bHAR |
||
| 100 | _aHarrison Rob | ||
| 245 | _aThe ethical consumer | ||
| 260 |
_aNew Delhi _bSage Publications _c2010 |
||
| 300 |
_a259p _cxix |
||
| 365 | _b Rs. 2,492 | ||
| 505 | _aTable of contents Introduction - Rob Harrison, Terry Newholm and Deirdre Shaw; PART ONE: THEORISING ETHICAL CONSUMPTION; Philosophy and Ethical Consumption - Clive Barnett, Philip Cafaro and Terry Newholm; The Consumer as Economic Voter - Roger A Dickinson and Mary L Carsky; PART TWO: CAMPAIGNERS AND CONSUMERS; A Brief History of Consumer Activism - Tim Lang and Yiannis Gabriel; Pressure Groups, Campaigns and Consumers - Rob Harrison; Informing Ethical Consumers - Hannah Berry and Morvern McEachern; The Effectiveness of Ethical Consumer Behaviour - Scott Clouder and Rob Harrison; PART THREE: UNDERSTANDING ETHICAL CONSUMERS; Case Studying Ethical Consumers' Projects and Strategies - Terry Newholm; Using Existential-Phenomenological Interviewing to Explore Meanings of Consumption - H[ac]el[gr]ene Cherrier; Modelling Consumer Decision Making in Fair Trade - Deirdre Shaw; Identifying and Profiling Apparel Label Users - Marsha A Dickson; Focus Group on Consumers' Ethical Beliefs - Barry Clavin and Alex Lewis; Surveying Ethical and Environmental Attitudes - Robert Worcester and Jenny Dawkins; PART FOUR: RESPONDING TO ETHICAL CONSUMERS; Corporate Disclosure and Auditing - Carol A Adams and Ambika Zutshi; Meeting the Ethical Gaze - Andrew Crane; Challenges for Orientating to the Ethical Market | ||
| 650 | _a1. Consumer Law - Ethical | ||
| 700 |
_aNewwholm Terry _aShaw Deidre |
||
| 942 |
_2ddc _cBK |
||